02142cam a22003375a 45000010009000000050017000090080041000260100017000670200018000840400028001020820022001301000028001522450086001802460024002662500012002902600048003023000034003505040051003845200760004356500051011956500054012466510010013006530020013106550024013307000025013549420008013799990017013879520132014049520136015369520132016721835463320180508135222.0141031s2015 enka frb 001 0 eng d a 2014042516 a9781292015897 aDLCbengcDLCdEG-ScBUE04a658.3008bBRO2221 aBrowaeys, Marie-Joelle.10aUnderstanding cross-cultural management /cMarie-Joelle Browaeys and Roger Price.30aCultural management a3rd ed. aHarlow :bPearson Education Limited,c2015. axxi, 477 p. :bill. ;c24 cm. aIncludes bibliographical references and index. a"Managing effectively across national and cultural boundaries is critical to the success of today's organisations, given the global environment of business and the increasing diversity of workforces. A keen awareness and a high degree of cross-cultural competence in management are therefore key to the career success of both present and aspiring managers/professionals. This, the third edition of Understanding Cross-Cultural Management,has been adapted in line with the feedback from our many readers. The book explores the key themes and issues in one of the most challenging and fascinating areas of business, organisational and social life. It does so in a manner that enables you to sharpen your insights and practical skills."--Publisher's website. 7aDiversity in the workplacexManagement.2BUEsh 7aManagementvCross-cultural studies.2BUEsh929351 2BUEsh bBUSADMcMay2018 vReading book9342321 aPrice, Roger,d1946- 2ddc c26668d26640 00102ddc40708BaccahaMAINbMAINc1STd2018-05-08ePurchasel2o658.3008 BROp000043391r2025-07-15 00:00:00s2020-02-27yBB 00102ddc40708BaccahaMAINbMAINc1STd2018-05-08ePurchasel4m37o658.3008 BROp000043392r2025-07-15 00:00:00s2023-01-25yBB 00102ddc40708BaccahaMAINbMAINc1STd2018-05-08ePurchasel2o658.3008 BROp000043393r2025-07-15 00:00:00s2024-02-20yBB